Writing efficient programs (Record no. 83276)
[ view plain ]
| 000 -LEADER | |
|---|---|
| fixed length control field | 00719nam a2200169 a 4500 |
| 008 - FIXED-LENGTH DATA ELEMENTS--GENERAL INFORMATION | |
| fixed length control field | 120416s1982 ||||||||||||||||| || u |
| 020 ## - INTERNATIONAL STANDARD BOOK NUMBER | |
| International Standard Book Number | 013970244x |
| 050 ## - LIBRARY OF CONGRESS CALL NUMBER | |
| Classification number | QA 76.6 Ben |
| 100 ## - MAIN ENTRY--PERSONAL NAME | |
| Personal name | Bentley, Jon Louis |
| 245 10 - TITLE STATEMENT | |
| Title | Writing efficient programs |
| 260 ## - PUBLICATION, DISTRIBUTION, ETC. | |
| Place of publication, distribution, etc. | Englewood Cliffs, N.J.: |
| Name of publisher, distributor, etc. | FT Prentice-Hall |
| Date of publication, distribution, etc. | 1982 |
| 300 ## - PHYSICAL DESCRIPTION | |
| Extent | xvi, 170p. |
| 350 ## - | |
| -- | 0.00 |
| 650 ## - SUBJECT ADDED ENTRY--TOPICAL TERM | |
| Topical term or geographic name entry element | COMPUTER PROGRAMMING |
| 995 ## - | |
| -- | ANNEX COLLECTION (Main Library) |
| -- | 0.00 |
| -- | 714003 |
| -- | CBU-MAIN LIBRARY (Kitwe) |
| -- | 1 |
| -- | 15.95 |
| -- | QA 76.6 Ben |
| -- | 1 |
| -- | AVAILABLE |
| -- | 012620 |
| -- | Annex Low-Usage Collection |
| 995 ## - | |
| -- | TEXTBOOKS (COMP.SCIENCE) |
| -- | 0.00 |
| -- | 3153 |
| -- | CBU-SCHOOL TEXTBOOK COLLECTIONS |
| -- | 1 |
| -- | 0.00 |
| -- | SCHOOL TEXTBOOK |
| -- | 2 |
| -- | AVAILABLE |
| -- | Jul 21, 2009 |
| -- | 3153 |
| -- | School Collections |
| 999 ## - | |
| -- | 83276 |
| -- | 83276 |
| Withdrawn status | Lost status | Source of classification or shelving scheme | Damaged status | Not for loan | Permanent Location | Current Location | Shelving location | Date acquired | Total Checkouts | Full call number | Barcode | Date last seen | Copy number | Price effective from | Koha item type |
|---|---|---|---|---|---|---|---|---|---|---|---|---|---|---|---|
| CBU-MAIN LIBRARY, KITWE. | CBU-MAIN LIBRARY, KITWE. | 10/25/2023 | QA 76.6 Ben | 012620 | 10/25/2023 | 1 | 10/25/2023 | MONOGRAPH | |||||||
| CBU-SCHOOL TEXT BOOK COLLECTION | CBU-SCHOOL TEXT BOOK COLLECTION | 10/25/2023 | SCHOOL TEXTBOOK | 3153 | 10/25/2023 | 2 | 10/25/2023 | MONOGRAPH |